[Event "Obert Pobla de Lillet 2017"]
[Site "La Pobla de Lillet ESP"]
[Date "2017.08.03"]
[Round "3.4"]
[White "Cervello Tost, Ferran"]
[Black "Dan, Teodor"]
[Result "1/2-1/2"]
[WhiteElo "2310"]
[BlackElo "2191"]
[PlyCount "124"]
[EventDate "2017.08.01"]
[EventType "swiss"]
[EventRounds "9"]
[EventCountry "ESP"]
[SourceTitle "Ajedrez en Madrid"]
[Source "lmi"]
[SourceDate "2016.08.01"]

1. d4 g6 2. c4 Nf6 3. Nc3 Bg7 4. e4 d6 5. f3 O-O 6. Be3 c5 7. d5 a6 8. Qd2 b5
9. h4 h5 10. Nh3 Nbd7 11. cxb5 Qa5 12. bxa6 Bxa6 13. Bxa6 Qxa6 14. Qe2 Rfb8 15.
Qxa6 Rxa6 16. Bc1 Ne8 17. Nf2 Nc7 18. Nfd1 Nb5 19. Nxb5 Rxb5 20. O-O Bd4+ 21.
Kh1 Ne5 22. Bd2 Nd3 23. Bc3 Bxc3 24. bxc3 Rba5 25. Ne3 Rxa2 26. Rxa2 Rxa2 27.
Rb1 Re2 28. Nc4 Rc2 29. Rb3 Nc1 30. Rb7 Rxc3 31. Na5 Kf8 32. Rc7 Nb3 33. Nc6
Rc1+ 34. Kh2 c4 35. Nxe7 c3 36. e5 dxe5 37. d6 c2 38. Rc8+ Kg7 39. d7 Rd1 40.
Rxc2 Rxd7 41. Nc6 f6 42. Kh3 Nd4 43. Nxd4 exd4 44. Kg3 Kf7 45. Kf4 Ke6 46. Ke4
f5+ 47. Kd3 Kd5 48. Ra2 Rc7 49. Ra6 Rc3+ 50. Kd2 Rc6 51. Ra8 Rb6 52. Rd8+ Ke5
53. g3 Rb3 54. Ke2 Rb2+ 55. Kd3 Rf2 56. f4+ Ke6 57. Ra8 Rf3+ 58. Kxd4 Rxg3 59.
Ra6+ Kf7 60. Ra7+ Kf6 61. Ra6+ Kg7 62. Ra7+ Kf6 1/2-1/2

[Event "Obert Pobla de Lillet 2017"]
[Site "La Pobla de Lillet ESP"]
[Date "2017.08.03"]
[Round "3.5"]
[White "Simon Padros, Emili"]
[Black "Renteria Becerra, Jorge"]
[Result "1/2-1/2"]
[WhiteElo "2150"]
[BlackElo "2332"]
[PlyCount "35"]
[EventDate "2017.08.01"]
[EventType "swiss"]
[EventRounds "9"]
[EventCountry "ESP"]
[SourceTitle "Ajedrez en Madrid"]
[Source "lmi"]
[SourceDate "2016.08.01"]

1. e4 c5 2. Nc3 a6 3. g3 b5 4. Bg2 Bb7 5. d3 g6 6. Be3 d6 7. Qd2 Bg7 8. Nge2 e5
9. O-O Nc6 10. f4 Nd4 11. Nd1 Nf6 12. c3 Nxe2+ 13. Qxe2 Qe7 14. f5 d5 15. Bg5
dxe4 16. Bxe4 Bxe4 17. dxe4 c4 18. Kh1 1/2-1/2

[Event "Obert Pobla de Lillet 2017"]
[Site "La Pobla de Lillet ESP"]
[Date "2017.08.03"]
[Round "3.6"]
[White "Perez Garcia, Adria"]
[Black "Boix Moreno, Daniel"]
[Result "1/2-1/2"]
[WhiteElo "2035"]
[BlackElo "2300"]
[PlyCount "70"]
[EventDate "2017.08.01"]
[EventType "swiss"]
[EventRounds "9"]
[EventCountry "ESP"]
[SourceTitle "Ajedrez en Madrid"]
[Source "lmi"]
[SourceDate "2016.08.01"]

1. e4 c5 2. c3 d5 3. exd5 Qxd5 4. d4 Nc6 5. Nf3 Bg4 6. Be2 cxd4 7. cxd4 e6 8.
Nc3 Bb4 9. O-O Qa5 10. Be3 Nf6 11. Qb3 O-O 12. a3 Bxc3 13. bxc3 Qc7 14. c4 Rad8
15. Rfd1 Rd7 16. Rac1 Rfd8 17. Qb2 Qb6 18. Qxb6 axb6 19. Rb1 Bxf3 20. Bxf3 Nxd4
21. Bxd4 Rxd4 22. Rxd4 Rxd4 23. Rxb6 Rxc4 24. h3 Ra4 25. Rxb7 g6 26. Rb8+ Kg7
27. Ra8 Rc4 28. a4 Rc1+ 29. Kh2 Rc2 30. Kg3 e5 31. Rd8 Ra2 32. Bc6 Ra3+ 33. Kh2
Ra2 34. Kg3 Ra3+ 35. Kh2 Ra2 1/2-1/2

[Event "Obert Pobla de Lillet 2017"]
[Site "La Pobla de Lillet ESP"]
[Date "2017.08.03"]
[Round "3.7"]
[White "Capellades Subirana, Marc"]
[Black "Cervello Tost, Roger"]
[Result "1-0"]
[WhiteElo "2227"]
[BlackElo "1992"]
[PlyCount "91"]
[EventDate "2017.08.01"]
[EventType "swiss"]
[EventRounds "9"]
[EventCountry "ESP"]
[SourceTitle "Ajedrez en Madrid"]
[Source "lmi"]
[SourceDate "2016.08.01"]

1. e4 e5 2. Nf3 Nc6 3. Bc4 Nf6 4. d3 Bc5 5. O-O d6 6. c3 Be6 7. Bb5 Bd7 8. d4
Bb6 9. d5 Ne7 10. Bxd7+ Qxd7 11. Qe2 Ng6 12. Na3 O-O 13. Nc4 Qg4 14. Re1 Nf4
15. Bxf4 Qxf4 16. g3 Qg4 17. a4 a6 18. Nxb6 cxb6 19. Qe3 Nd7 20. Nh4 g6 21. Qh6
Nf6 22. Nf5 gxf5 23. Qxf6 Qg6 24. Qxf5 Qxf5 25. exf5 Kg7 26. Re4 a5 27. Ra3
Rfc8 28. Rb3 Ra6 29. Kf1 Rc5 30. c4 Rc7 31. g4 f6 32. h4 Rf7 33. Kg2 Kf8 34.
Kg3 Ke8 35. f4 Kd8 36. fxe5 fxe5 37. Rf3 Kd7 38. g5 Ra8 39. f6 Rg8 40. Rg4 h5
41. gxh6 Rgf8 42. Rg7 Ke8 43. h7 e4 44. Rf4 Rh8 45. Rg8+ Rf8 46. f7+ 1-0

[Event "Obert Pobla de Lillet 2017"]
[Site "La Pobla de Lillet ESP"]
[Date "2017.08.03"]
[Round "3.8"]
[White "Sanz Menendez, Juan Carlos"]
[Black "De la Riva Aguado, Jorge"]
[Result "1/2-1/2"]
[WhiteElo "1989"]
[BlackElo "2206"]
[PlyCount "44"]
[EventDate "2017.08.01"]
[EventType "swiss"]
[EventRounds "9"]
[EventCountry "ESP"]
[SourceTitle "Ajedrez en Madrid"]
[Source "lmi"]
[SourceDate "2016.08.01"]

1. Nf3 Nf6 2. c4 c5 3. Nc3 Nc6 4. d4 cxd4 5. Nxd4 g6 6. g3 Bg7 7. Nxc6 bxc6 8.
Bg2 O-O 9. O-O Rb8 10. Qa4 a6 11. Qa3 Re8 12. b4 Qb6 13. Rb1 d6 14. c5 Qc7 15.
e4 dxc5 16. bxc5 Rxb1 17. Nxb1 Nd7 18. Be3 Ne5 19. Rc1 Rd8 20. Bf1 a5 21. Bd2
a4 22. h3 Be6 1/2-1/2

[Event "Obert Pobla de Lillet 2017"]
[Site "La Pobla de Lillet ESP"]
[Date "2017.08.03"]
[Round "3.9"]
[White "Garcia Paolicchi, Raul"]
[Black "Torrents Señal, Marc"]
[Result "0-1"]
[WhiteElo "2189"]
[BlackElo "2028"]
[PlyCount "88"]
[EventDate "2017.08.01"]
[EventType "swiss"]
[EventRounds "9"]
[EventCountry "ESP"]
[SourceTitle "Ajedrez en Madrid"]
[Source "lmi"]
[SourceDate "2016.08.01"]

1. d4 Nf6 2. Bg5 d5 3. Bxf6 gxf6 4. c4 c6 5. e3 Bf5 6. Nc3 e6 7. Rc1 Bg7 8.
Nge2 dxc4 9. Ng3 Bg6 10. Bxc4 Nd7 11. h4 h6 12. Nh5 Bxh5 13. Qxh5 Qe7 14. a3 f5
15. g3 O-O 16. O-O Kh8 17. Be2 Rg8 18. Kh2 Nf6 19. Qf3 Ng4+ 20. Kh3 h5 21. e4
fxe4 22. Nxe4 Bxd4 23. Rc2 f5 24. Nc3 Qg7 25. Bc4 Be5 26. Ne2 Qg6 27. Rd2 Rg7
28. Rfd1 Nxf2+ 29. Qxf2 Qg4+ 30. Kg2 Qxc4 31. Qe3 Qe4+ 32. Qxe4 fxe4 33. Rd8+
Rxd8 34. Rxd8+ Kh7 35. Nd4 Rxg3+ 36. Kf2 e3+ 37. Ke2 Bxd4 38. Rxd4 Kg6 39. b4
Kf6 40. Rd7 Rg7 41. Rd8 Kf5 42. Kxe3 Rg3+ 43. Kd4 e5+ 44. Kc4 b5+ 0-1

[Event "Obert Pobla de Lillet 2017"]
[Site "La Pobla de Lillet ESP"]
[Date "2017.08.03"]
[Round "3.10"]
[White "Corrigüelas Armillas, Frederic"]
[Black "Palacios Herrero, Pablo"]
[Result "0-1"]
[WhiteElo "1965"]
[BlackElo "2122"]
[PlyCount "80"]
[EventDate "2017.08.01"]
[EventType "swiss"]
[EventRounds "9"]
[EventCountry "ESP"]
[SourceTitle "Ajedrez en Madrid"]
[Source "lmi"]
[SourceDate "2016.08.01"]

1. e4 e6 2. d4 d5 3. Nd2 Nf6 4. e5 Nfd7 5. Bd3 c5 6. c3 Nc6 7. Ngf3 g6 8. O-O
Bg7 9. Re1 O-O 10. Nf1 cxd4 11. cxd4 Qb6 12. Bb1 f6 13. exf6 Nxf6 14. Ng3 Ng4
15. Ne2 e5 16. h3 Nxf2 17. Kxf2 e4 18. Qb3 Qxb3 19. axb3 exf3 20. gxf3 Bxh3 21.
Kg3 Bf5 22. Bxf5 Rxf5 23. Be3 Nb4 24. Rec1 Re8 25. Rc3 Rxe3 26. Rxe3 Nc2 27.
Re8+ Kf7 28. Rb8 Nxa1 29. Rxb7+ Kg8 30. Rb8+ Rf8 31. Rb5 Rd8 32. Nf4 a6 33. Rb7
Bxd4 34. Ne6 Be5+ 35. f4 Rb8 36. Ra7 Bxb2 37. Kg4 Bf6 38. Rxa6 h5+ 39. Kg3
Rxb3+ 40. Kg2 Kf7 0-1

[Event "Obert Pobla de Lillet 2017"]
[Site "La Pobla de Lillet ESP"]
[Date "2017.08.03"]
[Round "3.20"]
[White "Garcia Escoda, Marc"]
[Black "Garcia Galeote, Lorenzo"]
[Result "0-1"]
[WhiteElo "1880"]
[BlackElo "1985"]
[PlyCount "98"]
[EventDate "2017.08.01"]
[EventType "swiss"]
[EventRounds "9"]
[EventCountry "ESP"]
[SourceTitle "Ajedrez en Madrid"]
[Source "lmi"]
[SourceDate "2016.08.01"]

1. e4 b6 2. d4 Bb7 3. Bd3 Nf6 4. Nc3 e6 5. Nge2 d5 6. exd5 exd5 7. O-O Be7 8.
Bf4 a6 9. Ng3 O-O 10. Nf5 Re8 11. Re1 Bc8 12. Qf3 Bxf5 13. Bxf5 c6 14. Re2 Bd6
15. Bxd6 Qxd6 16. Rxe8+ Nxe8 17. Qh3 Nf6 18. Bxh7+ Nxh7 19. Qc8+ Qf8 20. Qb7
Nd7 21. Qxd7 Qc8 22. Qxc8+ Rxc8 23. Re1 Kf8 24. a4 Ng5 25. a5 Ne6 26. axb6 Nxd4
27. Ra1 Rb8 28. Rxa6 Nxc2 29. Na4 Ke7 30. Ra7+ Kd6 31. Rxf7 d4 32. g3 c5 33.
Nxc5 Kxc5 34. Rc7+ Kd5 35. Rxc2 Rxb6 36. f3 d3 37. Rd2 Kd4 38. Kf2 Rc6 39.
Rxd3+ Kxd3 40. g4 g5 41. f4 Rc4 42. Kg3 Rxf4 43. h4 Ke4 44. hxg5 Rf3+ 45. Kh4
Ke5 46. Kh5 Ke6 47. Kg6 Rg3 48. Kh5 Kf7 49. b4 Rh3# 0-1

[Event "Obert Pobla de Lillet 2017"]
[Site "La Pobla de Lillet ESP"]
[Date "2017.08.04"]
[Round "4.1"]
[White "Muñoz Pantoja, Miguel"]
[Black "Movsziszian, Karen"]
[Result "1/2-1/2"]
[WhiteElo "2497"]
[BlackElo "2502"]
[PlyCount "25"]
[EventDate "2017.08.01"]
[EventType "swiss"]
[EventRounds "9"]
[EventCountry "ESP"]
[SourceTitle "Ajedrez en Madrid"]
[Source "lmi"]
[SourceDate "2016.08.01"]

1. e4 d6 2. g3 g6 3. Bg2 Bg7 4. d4 Nf6 5. Ne2 O-O 6. h3 e5 7. O-O exd4 8. Nxd4
Nc6 9. Be3 Re8 10. Nc3 Bd7 11. g4 h5 12. g5 Nh7 13. f4 1/2-1/2

[Event "Obert Pobla de Lillet 2017"]
[Site "La Pobla de Lillet ESP"]
[Date "2017.08.04"]
[Round "4.3"]
[White "Romero Pallares, Daniel"]
[Black "Cervello Tost, Ferran"]
[Result "1/2-1/2"]
[WhiteElo "2248"]
[BlackElo "2310"]
[PlyCount "50"]
[EventDate "2017.08.01"]
[EventType "swiss"]
[EventRounds "9"]
[EventCountry "ESP"]
[SourceTitle "Ajedrez en Madrid"]
[Source "lmi"]
[SourceDate "2016.08.01"]

1. e4 c6 2. d3 d5 3. Nd2 e5 4. Ngf3 Bd6 5. d4 exd4 6. Bd3 Ne7 7. O-O Bg4 8. Re1
O-O 9. e5 Bc5 10. Bxh7+ Kh8 11. Bd3 g6 12. h3 Bf5 13. Nb3 Bb4 14. Bg5 Bxd3 15.
Qxd3 Bxe1 16. Qxd4 Nf5 17. Qg4 Bxf2+ 18. Kxf2 Qb6+ 19. Kf1 Nd7 20. Re1 f6 21.
Bf4 Nxe5 22. Rxe5 fxe5 23. Qxg6 exf4 24. Qh5+ Kg8 25. Qg6+ Kh8 1/2-1/2

[Event "Obert Pobla de Lillet 2017"]
[Site "La Pobla de Lillet ESP"]
[Date "2017.08.04"]
[Round "4.5"]
[White "Torrents Señal, Marc"]
[Black "Renteria Becerra, Jorge"]
[Result "0-1"]
[WhiteElo "2028"]
[BlackElo "2332"]
[PlyCount "70"]
[EventDate "2017.08.01"]
[EventType "swiss"]
[EventRounds "9"]
[EventCountry "ESP"]
[SourceTitle "Ajedrez en Madrid"]
[Source "lmi"]
[SourceDate "2016.08.01"]

1. d4 Nf6 2. c4 e6 3. Nc3 Bb4 4. e3 O-O 5. Bd3 c5 6. Nf3 d5 7. O-O dxc4 8. Bxc4
Nc6 9. dxc5 Bxc5 10. b3 a6 11. Qxd8 Rxd8 12. Bb2 Bd7 13. Rfd1 Be8 14. Ng5 h6
15. Nge4 Be7 16. Be2 Nb4 17. Bf3 Nd3 18. Rab1 Nxb2 19. Rxd8 Rxd8 20. Rxb2 Nxe4
21. Nxe4 f5 22. Ng3 Rc8 23. Rd2 Rc1+ 24. Rd1 Rc2 25. a4 b5 26. axb5 Bxb5 27.
Bb7 Rc3 28. h3 a5 29. Rb1 Bd3 30. Rb2 Ba3 31. Rd2 Rxb3 32. Bc6 Bb4 33. Ra2 Rb1+
34. Kh2 Bc4 35. Rc2 Bb3 0-1

[Event "Obert Pobla de Lillet 2017"]
[Site "La Pobla de Lillet ESP"]
[Date "2017.08.04"]
[Round "4.6"]
[White "Boix Moreno, Daniel"]
[Black "Sanz Menendez, Juan Carlos"]
[Result "1/2-1/2"]
[WhiteElo "2300"]
[BlackElo "1989"]
[PlyCount "106"]
[EventDate "2017.08.01"]
[EventType "swiss"]
[EventRounds "9"]
[EventCountry "ESP"]
[SourceTitle "Ajedrez en Madrid"]
[Source "lmi"]
[SourceDate "2016.08.01"]

1. e4 e5 2. Nf3 Nc6 3. Bb5 g6 4. d4 exd4 5. Bg5 Be7 6. Bxe7 Qxe7 7. Bxc6 dxc6
8. Qxd4 Nf6 9. Nc3 O-O 10. O-O-O Be6 11. Qe3 Ng4 12. Qe2 Ne5 13. Nxe5 Qg5+ 14.
Qe3 Qxe5 15. f4 Qg7 16. h3 f5 17. e5 b6 18. Qf3 Bd7 19. Rd2 Rae8 20. Rhd1 Re7
21. Kb1 Qf7 22. Rd4 a5 23. h4 Qe6 24. h5 gxh5 25. Qxh5 Rg7 26. Qf3 Be8 27. R4d2
Qg6 28. Qe3 Qg3 29. Qd4 Rff7 30. Ne2 Qg6 31. Qe3 Rd7 32. Nd4 c5 33. Nf3 Rxd2
34. Rxd2 Rd7 35. Rxd7 Bxd7 36. Qd2 Qc6 37. b3 a4 38. Kb2 h6 39. c4 Kg7 40. Qd3
Be6 41. Qd8 Bf7 42. Nh4 Be6 43. Qe7+ Kg8 44. Qd8+ Kg7 45. Qe7+ Kg8 46. g3 Bf7
47. Nxf5 a3+ 48. Kxa3 Qa8+ 49. Kb2 Qg2+ 50. Kc3 Qf3+ 51. Kb2 Qg2+ 52. Kc3 Qf3+
53. Kb2 Qg2+ 1/2-1/2

[Event "Obert Pobla de Lillet 2017"]
[Site "La Pobla de Lillet ESP"]
[Date "2017.08.04"]
[Round "4.7"]
[White "De la Riva Aguado, Jorge"]
[Black "Simon Del Sol, Jaume"]
[Result "1-0"]
[WhiteElo "2206"]
[BlackElo "1947"]
[PlyCount "95"]
[EventDate "2017.08.01"]
[EventType "swiss"]
[EventRounds "9"]
[EventCountry "ESP"]
[SourceTitle "Ajedrez en Madrid"]
[Source "lmi"]
[SourceDate "2016.08.01"]

1. e4 c6 2. d4 d5 3. e5 Bf5 4. h4 h6 5. g4 Bd7 6. Bd3 e6 7. Nf3 c5 8. c3 Nc6 9.
dxc5 Bxc5 10. b4 Be7 11. Bf4 Rc8 12. a3 a6 13. Nbd2 Na7 14. Rc1 Nb5 15. Qb3 Qb6
16. O-O g5 17. Be3 Qd8 18. a4 Nc7 19. h5 Kf8 20. b5 axb5 21. axb5 Kg7 22. b6
Na8 23. c4 Bc5 24. Bxc5 Rxc5 25. Qa3 Rc8 26. c5 Ne7 27. Nd4 Nc6 28. N2f3 Nxb6
29. Nxc6 Bxc6 30. cxb6 Qxb6 31. Rb1 Qc7 32. Rfc1 Qd7 33. Nd4 Qc7 34. Qc3 Qd7
35. Qe1 Rhe8 36. Qe3 Ba4 37. f4 Rxc1+ 38. Rxc1 gxf4 39. Qxf4 Qe7 40. Nf3 Bc6
41. Kh2 Ra8 42. g5 Ra2+ 43. Kh3 hxg5 44. Nxg5 Ra4 45. h6+ Kxh6 46. Nxf7+ Kg7
47. Qh6+ Kxf7 48. Qg6+ 1-0

[Event "Obert Pobla de Lillet 2017"]
[Site "La Pobla de Lillet ESP"]
[Date "2017.08.04"]
[Round "4.8"]
[White "Prats Rodriguez, Juan Bosco"]
[Black "Ayza Ballester, Jordi"]
[Result "1/2-1/2"]
[WhiteElo "1978"]
[BlackElo "2204"]
[PlyCount "26"]
[EventDate "2017.08.01"]
[EventType "swiss"]
[EventRounds "9"]
[EventCountry "ESP"]
[SourceTitle "Ajedrez en Madrid"]
[Source "lmi"]
[SourceDate "2016.08.01"]

1. e4 c5 2. Nc3 Nc6 3. g3 g6 4. Bg2 Bg7 5. d3 d6 6. Be3 e5 7. f4 Nge7 8. Nf3 b6
9. O-O Bb7 10. Qd2 Qd7 11. Rf2 Nd4 12. Raf1 Nxf3+ 13. Bxf3 O-O-O 1/2-1/2

[Event "Obert Pobla de Lillet 2017"]
[Site "La Pobla de Lillet ESP"]
[Date "2017.08.04"]
[Round "4.9"]
[White "Menac Comas, Joan Ramon"]
[Black "Simon Padros, Emili"]
[Result "0-1"]
[WhiteElo "2012"]
[BlackElo "2150"]
[PlyCount "108"]
[EventDate "2017.08.01"]
[EventType "swiss"]
[EventRounds "9"]
[EventCountry "ESP"]
[SourceTitle "Ajedrez en Madrid"]
[Source "lmi"]
[SourceDate "2016.08.01"]

1. e4 e6 2. d3 c5 3. g3 Nc6 4. Bg2 g6 5. Nf3 Bg7 6. O-O Nge7 7. Re1 O-O 8. c3
d5 9. e5 h6 10. h4 Nf5 11. Bf4 Bd7 12. Nbd2 b5 13. c4 Nb4 14. Nf1 bxc4 15. dxc4
dxc4 16. g4 Ne7 17. Qd2 Bc6 18. Bxh6 Qxd2 19. Bxd2 Nc2 20. Ne3 Nxa1 21. Rxa1
Bd5 22. Bc3 Rad8 23. Rd1 Bxf3 24. Rxd8 Rxd8 25. Bxf3 Nd5 26. Ba5 Nb6 27. Nxc4
Rb8 28. Bxb6 axb6 29. a4 f6 30. g5 f5 31. Bc6 Rd8 32. f4 Rd4 33. Nxb6 Rxf4 34.
Nd7 Rb4 35. a5 Rxb2 36. a6 Ra2 37. Bb5 Kf7 38. Bc4 Ra1+ 39. Kg2 Ke7 40. Nxc5
Bxe5 41. Nxe6 Ra4 42. Bb3 Rxa6 43. Nc5 Ra3 44. Bd1 Bd4 45. Nb3 Bb6 46. h5 gxh5
47. Kh3 f4 48. Kh4 f3 49. Kg3 f2 50. Kg2 h4 51. g6 h3+ 52. Kf1 h2 53. Bf3 Rxb3
54. g7 Rb1+ 0-1

[Event "Obert Pobla de Lillet 2017"]
[Site "La Pobla de Lillet ESP"]
[Date "2017.08.04"]
[Round "4.10"]
[White "Vargas Drechsler, Carlos"]
[Black "Palacios Herrero, Pablo"]
[Result "1/2-1/2"]
[WhiteElo "1913"]
[BlackElo "2122"]
[PlyCount "69"]
[EventDate "2017.08.01"]
[EventType "swiss"]
[EventRounds "9"]
[EventCountry "ESP"]
[SourceTitle "Ajedrez en Madrid"]
[Source "lmi"]
[SourceDate "2016.08.01"]

1. d4 e6 2. Nf3 Nf6 3. c4 d5 4. g3 Be7 5. Bg2 O-O 6. O-O dxc4 7. Ne5 Nc6 8.
Nxc6 bxc6 9. Bxc6 Rb8 10. Nc3 Rb6 11. Bg2 Ba6 12. Rb1 Rd6 13. Qa4 Qc8 14. Bf4
Rxd4 15. Nb5 Bxb5 16. Qxb5 Nd5 17. Be5 Rg4 18. e4 Nb6 19. f4 Bf6 20. Bxf6 gxf6
21. Bh3 Rg7 22. Rbd1 Qe8 23. Qc5 Qa4 24. Qxc7 c3 25. Rd8 Rg6 26. f5 exf5 27.
Bxf5 cxb2 28. Bxg6 hxg6 29. Qe7 Rxd8 30. Qxd8+ Kh7 31. Qxf6 Qxa2 32. Qh4+ Kg7
33. Qf6+ Kh7 34. Qh4+ Kg7 35. Qf6+ 1/2-1/2

[Event "Obert Pobla de Lillet 2017"]
[Site "La Pobla de Lillet ESP"]
[Date "2017.08.04"]
[Round "4.16"]
[White "Garcia Galeote, Lorenzo"]
[Black "Caballero Ortin, Jorge"]
[Result "1-0"]
[WhiteElo "1985"]
[BlackElo "1611"]
[PlyCount "55"]
[EventDate "2017.08.01"]
[EventType "swiss"]
[EventRounds "9"]
[EventCountry "ESP"]
[SourceTitle "Ajedrez en Madrid"]
[Source "lmi"]
[SourceDate "2016.08.01"]

1. d4 g6 2. c4 Bg7 3. e4 d6 4. Nc3 Nf6 5. Nge2 O-O 6. Ng3 c5 7. d5 a6 8. a4 Bd7
9. Be2 h5 10. h3 Qa5 11. Bd2 h4 12. Nf1 Nh7 13. Nh2 Qb6 14. Qc1 a5 15. Nf3 Bf6
16. Rb1 e6 17. e5 dxe5 18. O-O Bg7 19. Nxh4 Qd8 20. Nf3 f5 21. Ng5 Nxg5 22.
Bxg5 Bf6 23. Bxf6 Qxf6 24. Rd1 Na6 25. dxe6 Bxe6 26. Rd6 Nb4 27. Qh6 Rf7 28.
Nd5 1-0

[Event "Obert Pobla de Lillet 2017"]
[Site "La Pobla de Lillet ESP"]
[Date "2017.08.05"]
[Round "5.1"]
[White "Mellado Triviño, Juan"]
[Black "Muñoz Pantoja, Miguel"]
[Result "1/2-1/2"]
[WhiteElo "2392"]
[BlackElo "2497"]
[PlyCount "25"]
[EventDate "2017.08.01"]
[EventType "swiss"]
[EventRounds "9"]
[EventCountry "ESP"]
[SourceTitle "Ajedrez en Madrid"]
[Source "lmi"]
[SourceDate "2016.08.01"]

1. e4 d5 2. exd5 Qxd5 3. Nc3 Qa5 4. d4 Nf6 5. Nf3 Bg4 6. h3 Bxf3 7. Qxf3 c6 8.
Bd2 Nbd7 9. Bc4 e6 10. O-O-O Bb4 11. a3 Bxc3 12. Bxc3 Qc7 13. Bd2 1/2-1/2

[Event "Obert Pobla de Lillet 2017"]
[Site "La Pobla de Lillet ESP"]
[Date "2017.08.05"]
[Round "5.2"]
[White "Movsziszian, Karen"]
[Black "Capellades Subirana, Marc"]
[Result "1-0"]
[WhiteElo "2502"]
[BlackElo "2227"]
[PlyCount "83"]
[EventDate "2017.08.01"]
[EventType "swiss"]
[EventRounds "9"]
[EventCountry "ESP"]
[SourceTitle "Ajedrez en Madrid"]
[Source "lmi"]
[SourceDate "2016.08.01"]

1. g3 e5 2. c4 g6 3. Bg2 Bg7 4. Nc3 Ne7 5. d3 c6 6. e4 Na6 7. Nge2 d6 8. O-O
Be6 9. b3 d5 10. exd5 cxd5 11. Ba3 Nc7 12. Rc1 dxc4 13. dxc4 Nc6 14. Ne4 Bf8
15. Qxd8+ Kxd8 16. Rfd1+ Kc8 17. Bxf8 Rxf8 18. Nd6+ Kb8 19. Nxb7 Kxb7 20. Rd6
Rad8 21. Bxc6+ Kc8 22. Rcd1 Rxd6 23. Rxd6 Ne8 24. Rd2 Nf6 25. Nc3 Kc7 26. Bg2
Bd7 27. b4 Rb8 28. b5 Be6 29. c5 Nd7 30. Rd6 Rc8 31. Nd5+ Bxd5 32. Rxd5 f6 33.
a4 Rf8 34. a5 Rb8 35. Bh3 Nf8 36. b6+ axb6 37. cxb6+ Kb7 38. Bg2 Ka6 39. Bf1+
Kb7 40. Rd6 f5 41. a6+ Kc8 42. a7 1-0

[Event "Obert Pobla de Lillet 2017"]
[Site "La Pobla de Lillet ESP"]
[Date "2017.08.05"]
[Round "5.3"]
[White "Renteria Becerra, Jorge"]
[Black "Dan, Teodor"]
[Result "1/2-1/2"]
[WhiteElo "2332"]
[BlackElo "2191"]
[PlyCount "61"]
[EventDate "2017.08.01"]
[EventType "swiss"]
[EventRounds "9"]
[EventCountry "ESP"]
[SourceTitle "Ajedrez en Madrid"]
[Source "lmi"]
[SourceDate "2016.08.01"]

1. e4 g6 2. d4 Bg7 3. Nc3 d6 4. g3 Nf6 5. Bg2 O-O 6. Nge2 e5 7. O-O Nc6 8. h3
exd4 9. Nxd4 Nxe4 10. Nxc6 Nxc3 11. Nxd8 Nxd1 12. Nxb7 Bxb7 13. Bxb7 Rab8 14.
Rxd1 Rxb7 15. Rb1 Re8 16. Kf1 Bc3 17. b3 Rb6 18. Be3 Rc6 19. Rd3 Ba5 20. c4 Bb6
21. Bd2 Rc5 22. Re1 Rxe1+ 23. Bxe1 Re5 24. Bc3 Re4 25. a4 a6 26. f3 Re6 27. b4
c6 28. c5 Bc7 29. Kf2 Kf8 30. Bd4 d5 31. g4 1/2-1/2

[Event "Obert Pobla de Lillet 2017"]
[Site "La Pobla de Lillet ESP"]
[Date "2017.08.05"]
[Round "5.4"]
[White "Cervello Tost, Ferran"]
[Black "De la Riva Aguado, Jorge"]
[Result "1/2-1/2"]
[WhiteElo "2310"]
[BlackElo "2206"]
[PlyCount "75"]
[EventDate "2017.08.01"]
[EventType "swiss"]
[EventRounds "9"]
[EventCountry "ESP"]
[SourceTitle "Ajedrez en Madrid"]
[Source "lmi"]
[SourceDate "2016.08.01"]

1. d4 d5 2. Nf3 Nf6 3. g3 g6 4. Bg2 Bg7 5. O-O O-O 6. c4 c6 7. cxd5 cxd5 8. Nc3
Nc6 9. Ne5 Bf5 10. Bf4 Rc8 11. Nxc6 bxc6 12. Be5 Qb6 13. b3 Nd7 14. Na4 Qa5 15.
Bxg7 Kxg7 16. Rc1 Rfd8 17. e3 Nb6 18. Nc5 Qxa2 19. g4 Be6 20. Ra1 Qb2 21. Nxe6+
fxe6 22. Qd3 Rf8 23. Rxa7 Ra8 24. Qa6 Rxa7 25. Qxa7 Nc8 26. Qd7 Qxb3 27. Qxe6
Qb7 28. g5 Nd6 29. Bh3 Nc4 30. Bg4 Qc7 31. Qd7 Qxd7 32. Bxd7 Nd2 33. Ra1 Nf3+
34. Kg2 Nxg5 35. Bxc6 e6 36. f4 Nf7 37. Bd7 Nd8 38. Ra8 1/2-1/2

[Event "Obert Pobla de Lillet 2017"]
[Site "La Pobla de Lillet ESP"]
[Date "2017.08.05"]
[Round "5.5"]
[White "Simon Padros, Emili"]
[Black "Aranda Marin, Cristian"]
[Result "1/2-1/2"]
[WhiteElo "2150"]
[BlackElo "2263"]
[PlyCount "74"]
[EventDate "2017.08.01"]
[EventType "swiss"]
[EventRounds "9"]
[EventCountry "ESP"]
[SourceTitle "Ajedrez en Madrid"]
[Source "lmi"]
[SourceDate "2016.08.01"]

1. e4 c5 2. Nc3 d6 3. g3 Nc6 4. Bg2 g6 5. f4 Bg7 6. d3 Nf6 7. Nf3 O-O 8. O-O
Rb8 9. h3 b5 10. a3 a5 11. Be3 b4 12. axb4 axb4 13. Ne2 Bb7 14. Qd2 Ra8 15. g4
Rxa1 16. Rxa1 Qb6 17. f5 Nd7 18. Qc1 Ra8 19. Rxa8+ Bxa8 20. fxg6 hxg6 21. Bh6
Nde5 22. Bxg7 Kxg7 23. Nxe5 Nxe5 24. Qa1 Bb7 25. b3 c4+ 26. d4 c3 27. Kh1 Nc6
28. Qg1 e5 29. d5 Qxg1+ 30. Kxg1 Nd4 31. Nxd4 exd4 32. Bf1 g5 33. Kf2 Kf6 34.
Kf3 Ke5 35. Bd3 Bc8 36. Bb5 f6 37. Bd3 Bd7 1/2-1/2

[Event "Obert Pobla de Lillet 2017"]
[Site "La Pobla de Lillet ESP"]
[Date "2017.08.05"]
[Round "5.6"]
[White "Perez Garcia, Adria"]
[Black "Romero Pallares, Daniel"]
[Result "0-1"]
[WhiteElo "2035"]
[BlackElo "2248"]
[PlyCount "100"]
[EventDate "2017.08.01"]
[EventType "swiss"]
[EventRounds "9"]
[EventCountry "ESP"]
[SourceTitle "Ajedrez en Madrid"]
[Source "lmi"]
[SourceDate "2016.08.01"]

1. e4 g6 2. d4 Bg7 3. Nf3 d6 4. Bc4 Nf6 5. Qe2 c6 6. Bb3 e5 7. dxe5 dxe5 8. O-O
Qe7 9. Rd1 O-O 10. h3 Nbd7 11. c3 Nc5 12. Bc2 Nh5 13. Bg5 f6 14. Be3 Ne6 15.
Nbd2 Nhf4 16. Qf1 f5 17. Nc4 fxe4 18. Bxe4 Nc5 19. Bxc5 Qxc5 20. Nd6 Be6 21.
Qe1 Qb6 22. Ng5 Rad8 23. Nxe6 Nxe6 24. Nc4 Qc5 25. Ne3 Bh6 26. b4 Qe7 27. Ng4
Bg7 28. g3 Ng5 29. h4 Rxd1 30. Rxd1 Nf3+ 31. Bxf3 Rxf3 32. Qd2 Rf8 33. Qd7 Re8
34. Qxe7 Rxe7 35. Kf1 e4 36. c4 Bc3 37. b5 Kf7 38. Ke2 h5 39. Ne3 Ke6 40. c5
Rd7 41. bxc6 bxc6 42. Rxd7 Kxd7 43. Ng2 Ke6 44. Ke3 Kf5 45. a3 Bb2 46. a4 Ke5
47. Kd2 Bd4 48. Ne1 Bxc5 49. Ke2 Kd5 50. Kd2 Kc4 0-1